Statistics for Best Actor Oscar Winners by Photo (2019-2000)

Click here to take the quiz!

General Stats

  • This quiz has been taken 349 times
  • The average score is 14 of 17

Answer Stats

Answer% Correct
Leonardo DiCaprio
99%
Denzel Washington
90%
Jamie Foxx
89%
Russell Crowe
88%
Sean Penn
88%
Daniel Day-Lewis
83%
Colin Firth
81%
Rami Malek
81%
Gary Oldman
80%
Jeff Bridges
80%
Adrien Brody
79%
Forest Whitaker
79%
Eddie Redmayne
78%
Matthew McConaughey
78%
Philip Seymour Hoffman
77%
Casey Affleck
72%
Jean Dujardin
43%

Score Distribution

Percentile by Number Answered

Percent of People with Each Score

Your Score History

You have not taken this quiz